Statistics for Every Premier League Goalscorer for Arsenal

Click here to take the quiz!

General Stats

  • This quiz has been taken 796 times
    (295 since last reset)
  • The average score is 71 of 143

Answer Stats

Player% Correct
Bukayo Saka
97%
Thierry Henry
95%
Gabriel Jesus
91%
Gabriel Martinelli
91%
Patrick Vieira
91%
Martin Ødegaard
88%
Ben White
86%
Dennis Bergkamp
86%
Gabriel Magalhães
86%
William Saliba
85%
Mesut Özil
84%
Oleksandr Zinchenko
84%
Pierre-Emerick Aubameyang
83%
Declan Rice
81%
Alexandre Lacazette
79%
Olivier Giroud
79%
Alan Smith
78%
Fábio Vieira
78%
Robin van Persie
78%
Sol Campbell
78%
Alexis Sánchez
77%
Joel Campbell
77%
Kevin Campbell
77%
Robert Pirès
77%
Ashley Cole
76%
Granit Xhaka
76%
Kai Havertz
76%
Eddie Nketiah
75%
Per Mertesacker
75%
Theo Walcott
74%
Tony Adams
73%
Francesc Fàbregas
72%
Ian Wright
72%
Laurent Koscielny
72%
Emile Smith Rowe
71%
Fredrik Ljungberg
71%
Thomas Partey
71%
Gilberto Silva
70%
Jack Wilshere
70%
Aaron Ramsey
69%
Leandro Trossard
69%
Mikel Arteta
66%
Takehiro Tomiyasu
66%
Nicolas Anelka
65%
Santi Cazorla
65%
Eduardo da Silva
64%
Kolo Touré
63%
Bacary Sagna
62%
Reiss Nelson
62%
Rob Holding
62%
Alex Oxlade-Chamberlain
61%
Gaël Clichy
60%
Andrey Arshavin
59%
Héctor Bellerín
59%
Kieran Tierney
59%
Nicolas Pépé
58%
Lauren
57%
Tomáš Rosický
57%
Marc Overmars
56%
Samir Nasri
56%
Shkodran Mustafi
56%
Lukas Podolski
55%
Martin Keown
55%
Emmanuel Adebayor
54%
Emmanuel Petit
54%
José Antonio Reyes
53%
Lee Dixon
53%
Ray Parlour
53%
Kieran Gibbs
52%
Mohamed Elneny
52%
Sylvain Wiltord
52%
David Luiz
51%
Edu
51%
Calum Chambers
50%
Nacho Monreal
50%
Nicklas Bendtner
50%
Nigel Winterburn
48%
William Gallas
48%
Alex Song
46%
Mathieu Flamini
46%
Abou Diaby
45%
Alex Iwobi
45%
Danny Welbeck
45%
Jakub Kiwior
45%
Thomas Vermaelen
45%
Aliaksandr Hleb
43%
Willian
43%
Marouane Chamakh
42%
Henrikh Mkhitaryan
41%
Paul Merson
41%
Emmanuel Eboué
40%
Ainsley Maitland-Niles
39%
Lucas Torreira
38%
Steve Bould
38%
Nwankwo Kanu
37%
Cédric Soares
36%
Gervinho
36%
Sead Kolašinac
35%
Philippe Senderos
34%
Denílson
32%
Pascal Cygan
32%
Lucas Pérez
31%
Johan Djourou
30%
Carlos Vela
29%
Yossi Benayoun
29%
Carl Jenkinson
28%
Serge Gnabry
28%
Mathieu Debuchy
27%
Mikaël Silvestre
27%
Davor Šuker
26%
Francis Jeffers
26%
Joe Willock
26%
Sébastien Squillaci
26%
David Platt
25%
Júlio Baptista
25%
Nuno Tavares
24%
Sylvinho
24%
Gabriel Paulista
23%
André Santos
22%
Christopher Wreh
22%
Gilles Grimandi
22%
Giovanni van Bronckhorst
21%
Jérémie Aliadière
21%
John Jensen
21%
Jermaine Pennant
19%
John Hartson
19%
Anders Limpar
18%
Sokratis Papastathopoulos
17%
Justin Hoyte
15%
Paul Davis
15%
Stephen Hughes
15%
Paul Dickov
14%
Andy Linighan
12%
Stefan Schwarz
12%
David Hillier
11%
Fran Mérida
11%
Glenn Helder
11%
Chris Kiwomya
10%
Jimmy Carter
10%
Steve Morrow
9%
Paolo Vernazza
8%
Paul Shaw
8%
Scott Marshall
6%

Score Distribution

Percentile by Number Answered

Percent of People with Each Score

Your Score History

You have not taken this quiz since the last reset